000 00781cam a22002413a 4500
001 24765
003 PGUSA
005 20140828083531.0
008 080306s2008||||xxu|||||s|||||000 | eng d
040 _aPGUSA
_beng
042 _adc
050 4 _aU
100 1 _aLippitt, Francis J.
_q(Francis James),
_d1812-1902
245 1 2 _aA Treatise on the Tactical Use of the Three Arms :
_bInfantry, Artillery, and Cavalry
_h[electronic resource] /
_cFrancis J. Lippitt
260 _bProject Gutenberg,
_c2008
506 _aPublic domain in the USA.
516 _aElectronic text
653 _aTactics
653 _aUnited States -- History -- Civil War, 1861-1865 -- Campaigns
830 0 _aProject Gutenberg
_v24765
856 4 0 _uhttp://www.gutenberg.org/ebooks/24765
942 _cEB
999 _c254020
_d254020